Handbook on unani medicines with formulae,processes,uses and analysis / (Record no. 135537)
[ view plain ]
| 000 -LEADER | |
|---|---|
| fixed length control field | 00766nam a22002177a 4500 |
| 005 - DATE AND TIME OF LATEST TRANSACTION | |
| control field | 20170124110246.0 |
| 010 ## - LIBRARY OF CONGRESS CONTROL NUMBER | |
| LC control number | B-168018 |
| 020 ## - INTERNATIONAL STANDARD BOOK NUMBER | |
| Terms of availability | 1100.00 |
| International Standard Book Number | 8178330423 |
| 035 ## - SYSTEM CONTROL NUMBER | |
| System control number | B-168018 |
| 037 ## - SOURCE OF ACQUISITION | |
| Source of stock number/acquisition | Cen Lib/Ret |
| 040 ## - CATALOGING SOURCE | |
| Original cataloging agency | DPL |
| Language of cataloging | EN |
| 082 ## - DEWEY DECIMAL CLASSIFICATION NUMBER | |
| Classification number | 615.8 |
| Item number | HAN |
| 110 ## - MAIN ENTRY--CORPORATE NAME | |
| Corporate name or jurisdiction name as entry element | New Delhi.National Institute of Industrial Research |
| 9 (RLIN) | 97587 |
| 245 ## - TITLE STATEMENT | |
| Title | Handbook on unani medicines with formulae,processes,uses and analysis / |
| 260 ## - PUBLICATION, DISTRIBUTION, ETC. (IMPRINT) | |
| Place of publication, distribution, etc | Delhi |
| Name of publisher, distributor, etc | Asia Pacific Business Press |
| 270 ## - ADDRESS | |
| Address | 106-E, Kamla Nagar |
| City | Delhi |
| Postal code | 110007 |
| 300 ## - PHYSICAL DESCRIPTION | |
| Extent | 678p. : |
| Dimensions | 20cm(Hb) |
| Other physical details | ill. |
| 650 ## - SUBJECT ADDED ENTRY--TOPICAL TERM | |
| Topical term or geographic name as entry element | Unani -- medicine |
| 9 (RLIN) | 97588 |
| 650 ## - SUBJECT ADDED ENTRY--TOPICAL TERM | |
| Topical term or geographic name as entry element | Unani -- handbook |
| 9 (RLIN) | 97589 |
| 942 ## - ADDED ENTRY ELEMENTS (KOHA) | |
| Source of classification or shelving scheme | Dewey Decimal Classification |
| Koha item type | English Books |
| Classification part | 615.8 |
| Call number suffix | HAN |
| Withdrawn status | Lost status | Damaged status | Not for loan | Home library | Current library | Date acquired | Source of acquisition | Cost, normal purchase price | Total Checkouts | Total Renewals | Full call number | Barcode | Date last seen | Date checked out | Copy number | Cost, replacement price | Price effective from | Koha item type |
|---|---|---|---|---|---|---|---|---|---|---|---|---|---|---|---|---|---|---|
| Central Library | Central Library | 07/10/2015 | Cen Lib/Ret | 1100.00 | 1 | 1 | 615.8 HAN | B-168018 | 22/05/2017 | 20/04/2017 | 1 | 1100.00 | 07/10/2015 | English Books |
